[Event "Manaus op 2nd"]
[Site "Manaus"]
[Date "2023.10.13"]
[Round "4"]
[White "De Almeida, Olivan Duarte"]
[Black "Mesquita, Eduardo Barbosa"]
[Result "0-1"]
[WhiteElo "1452"]
[BlackElo "1979"]
[PlyCount "78"]
[EventDate "2023.10.11"]
[EventType "swiss"]
[EventRounds "9"]
[EventCountry "BRA"]
[SourceTitle "Mega2024 Update 01"]
[Source "Chessbase"]
[SourceDate "2023.11.12"]
[SourceVersion "1"]
[SourceVersionDate "2023.11.12"]
[SourceQuality "1"]

1. e4 c5 2. Nc3 e6 3. g3 d5 4. Bg2 d4 5. Nce2 d3 6. cxd3 Nc6 7. Nf3 Nb4 8. 0-0 Nxd3 9. a3 Bd7 10. Nf4 Nxf4 11. gxf4 Nf6 12. e5 Nd5 13. d4 c4 14. Be3 Rc8 15. Ng5 h6 16. Ne4 Rg8 17. Qg4 Qb6 18. Rab1 Qb3 19. Rfe1 b5 20. Bd2 Be7 21. Nd6+ Bxd6 22. exd6 Nf6 23. Qh4 Qd3 24. Rbd1 Qf5 25. d5 g5 26. fxg5 hxg5 27. Qd4 Kf8 28. dxe6 fxe6 29. Bc3 Nh5 30. Qxa7 Qf7 31. Re3 Nf4 32. Rf3 Ke8 33. Re3 Qh5 34. Rde1 Qg4 35. Qb7 Rg6 36. Qf3 Qf5 37. Re5 Qf7 38. Qb7 Nd3 39. R5e3 Qxf2+ 0-1

[Event "Rio de Janeiro op 2nd"]
[Site "Rio de Janeiro"]
[Date "2023.05.03"]
[Round "3"]
[White "De Almeida, Olivan Duarte"]
[Black "Soares, Joao Carlos TC"]
[Result "0-1"]
[WhiteElo "1440"]
[BlackElo "2032"]
[PlyCount "66"]
[EventDate "2023.05.02"]
[EventType "swiss"]
[EventRounds "9"]
[EventCountry "BRA"]
[SourceTitle "CBM 214 Extra"]
[Source "ChessBase"]
[SourceDate "2023.07.31"]
[SourceVersion "1"]
[SourceVersionDate "2023.07.31"]
[SourceQuality "1"]

1. e4 e6 2. d4 d5 3. Nd2 Nf6 4. exd5 exd5 5. Bd3 Nc6 6. c3 Bg4 7. Ngf3 Qd7 8. h3 Bh5 9. Nf1 0-0-0 10. Ng3 Re8+ 11. Be3 Bg6 12. Bb5 Bd6 13. Ne2 Bh5 14. Qa4 Bxf3 15. gxf3 Kb8 16. Bxc6 Qxc6 17. Qxc6 bxc6 18. 0-0-0 Nh5 19. Rhg1 f5 20. f4 g6 21. Rde1 Re4 22. Ng3 Nxf4 23. Nxe4 Nd3+ 24. Kd1 fxe4 25. Re2 Rf8 26. Rg4 Rf3 27. h4 Rh3 28. Kc2 Kc8 29. Bg5 Kd7 30. Rg2 Rh1 31. Kb3 Ne1 32. Rxe1 Rxe1 33. Be3 Ke6 0-1